200 words to help you talk about philosophy (Record no. 5027)

MARC details
000 -CABECERA
campo de control de longitud fija 01748cam a2200277 i 4500
001 - NÚMERO DE CONTROL
campo de control 10061436
003 - IDENTIFICADOR DEL NÚMERO DE CONTROL
campo de control CaAEU
005 - FECHA Y HORA DE LA ÚLTIMA TRANSACCIÓN
campo de control 20251013114419.0
008 - DATOS DE LONGITUD FIJA--INFORMACIÓN GENERAL
campo de control de longitud fija 200217s2020 enk 000 0 eng d
020 ## - NÚMERO INTERNACIONAL ESTÁNDAR DEL LIBRO
Número Internacional Estándar del Libro 9781786276940
035 ## - NÚMERO DE CONTROL DEL SISTEMA
Número de control de sistema on1140676814
040 ## - FUENTE DE LA CATALOGACIÓN
Centro catalogador/agencia de origen YDX
Lengua de catalogación eng
Normas de descripción rda
Centro/agencia transcriptor YDX
Centro/agencia modificador BDX
-- OCLCQ
-- UKMGB
-- OCLCO
-- OCLCF
-- SINLB
-- OCLCO
-- YDX
-- PTS
-- AEKC
041 ## - CÓDIGO DE LENGUA
Código de lengua del texto/banda sonora o título independiente eng
050 #4 - SIGNATURA TOPOGRÁFICA DE LA BIBLIOTECA DEL CONGRESO
Número de clasificación B49
Número de documento/Ítem .S74 2020
100 ## - ENTRADA PRINCIPAL--NOMBRE DE PERSONA
Nombre de persona Steinbauer, Anja
Término indicativo de función/relación author
9 (RLIN) 26093
245 10 - MENCIÓN DE TÍTULO
Título 200 words to help you talk about philosophy
Mención de responsabilidad, etc. / Anja Steinbauer.
246 30 - FORMA VARIANTE DE TÍTULO
Título propio/Titulo breve Two hundred words to help you talk about philosophy.
260 ## - PUBLICACIÓN, DISTRIBUCIÓN, ETC.
Lugar de publicación, distribución, etc. London :
Nombre del editor, distribuidor, etc. Laurence King Publishing,
Fecha de publicación, distribución, etc. 2020.
300 ## - DESCRIPCIÓN FÍSICA
Extensión 127 pages ;
Dimensiones 19 cm.
505 0# - NOTA DE CONTENIDO CON FORMATO
Nota de contenido con formato All or Nothing — Knowledge & Ignorance — Self & Identity — Thought & Language — Good & Bad — Meaning & Purpose — Individuals & Society — Art & Beauty — History of Ideas.
520 ## - SUMARIO, ETC.
Sumario, etc. Have you have ever felt at a disadvantage when joining in a conversation on a subject that you aren't confident about? If yes, this new book series is for you. Each book features definitions of two hundred words frequently used to describe and discuss a smart subject.<br/><br/>200 Words to Help You Talk About Philosophy is designed to demystify jargon-based philosophic language and make you at ease holding a conversation on the topic. Philosophy can be baffling, as well as fascinating, to the best of us. Let Anja Steinbauer guide you through doubt, dialectic, Dao, and much more. The book is written with digestible text enabling a quick and easy understanding of various topics while broadening your philosophical vocabulary.
650 #0 - PUNTO DE ACCESO ADICIONAL DE MATERIA--TÉRMINO DE MATERIA
Término de materia o nombre geográfico como elemento de entrada Philosophy
Subdivisión de forma Terminology
9 (RLIN) 26094
650 #0 - PUNTO DE ACCESO ADICIONAL DE MATERIA--TÉRMINO DE MATERIA
Término de materia o nombre geográfico como elemento de entrada Philosophy
9 (RLIN) 2992
655 #0 - TÉRMINO DE INDIZACIÓN--GÉNERO/FORMA
Datos o término principal de género/forma Terminology.
942 ## - ELEMENTOS DE ENTRADA AGREGADA (KOHA)
Fuente del sistema de clasificación o colocación Clasificación de Library of Congress
Holdings
Estado de retiro Estado de pérdida Fuente del sistema de clasificación o colocación Estado dañado No para préstamo Biblioteca de origen Biblioteca actual Fecha de adquisición Total de préstamos Signatura topográfica completa Código de barras Fecha visto por última vez Número de copia Precio válido a partir de Tipo de ítem Koha
    Clasificación de Library of Congress     TBS Barcelona TBS Barcelona 13/10/2025   B49 STE B07669 13/10/2025 1 13/10/2025 Book

Powered by Koha